|
|
|
|
| LEADER |
00747cam a2200169 7i4500 |
| 001 |
0000027384 |
| 005 |
20111215090000.0 |
| 090 |
0 |
0 |
|a P 641.025
|b NOR
|
| 110 |
2 |
0 |
|a Northeast Organic Farming Association of New York
|
| 245 |
2 |
0 |
|a 2011 Organic food guide :
|b the New York State organic source.
|
| 260 |
0 |
0 |
|a Rochester, New York:
|b NOFA - NY,
|c 2011.
|
| 300 |
# |
# |
|a 103 p.
|
| 650 |
0 |
0 |
|a Natural foods --
|x Markets --
|x Directories --
|z New York, United States of America
|
| 650 |
0 |
0 |
|a Natural foods industry --
|x Markets --
|x Directories --
|z New York, United States of America
|
| 651 |
0 |
0 |
|a United States of America
|
| 999 |
|
|
|a 000029278
|b Directories
|c Products
|e Business Information Centre
|
| 999 |
|
|
|a 0000029278
|b Directories
|c Products
|e Business Information Centre
|